000 00999cam a2200265 4500
001 WB3711-18
008 000000n2001 000 0 eng u
035 _a(Sirsi) u111421
245 _aFlood defences
260 _c2001
490 _aDaily Telegraph
_v14 March 2001, 13
490 _aTimes
_v 15 March 2001, 6(2)
520 _aA National Audit Office report has found that nearly half of England's flood defences which should be protecting 2m homes and buildings are in poor condition. The report also questions the division of flood defence tasks between the Environment Agency and local authorities, and suggests that this could have increased flood risk in some areas.
590 _aWB
650 _aFLOOD DEFENCES
650 _aFLOODING
650 _aHOUSING
650 _aNATIONAL AUDIT OFFICE
650 _aFLOOD RISK
650 _aPLANNING
650 _aLOCAL AUTHORITIES
650 _aENVIRONMENT AGENCY
690 _aENVIRONMENTAL AND LAND CONSULTANCY
942 _n0
999 _c66388
_d66388